000 01435nam0a22003251 4500
001 rc\3803442
005 20250530055632.0
021 _aRU
_b[75-70585]
035 _a(NLR Aleph) 007258219
090 _a5279007
_c5279007
100 _a20120311d1975 |||y0rusy50 ca
101 1 _arus
_cspa
102 _aRU
105 _aab z |||||
200 1 _aКораблекрушения
_f[Пер. с исп., предисл. и коммент. Ю.В. Ванникова
210 _aМосква
_cМысль
_d1975]
215 _a128 с.
_cил., карт.
_d20
311 _aНа обороте тит. л.: Alvar Nuńez Cabeza de Vaca. Naufragios
454 0 _12001#$aNaufragios
_1700#1$aNuńez Cabeza de Vaca$bA.$gAlvar
_tNaufragios
_aNuńez Cabeza de Vaca, Alvar
606 _aГеографические открытия и исследования, испанские
_yСеверная Америка
_z16 в.
_2psbo
607 _aСеверная Америка
_xПутешествия
_2psbo
700 1 _6z01790
_aКабеса де Вака Нуньес
_bА.
_gАльвар
702 1 _aВанников
_bЮ.В.
_4730
_4080
_4212
790 1 _6z01700
_aВака Нуньес
_bА.К. де
_gАльвар Кабеса де
790 1 _6z01700
_aНуньес
_bА.К. де В.
_gАльвар Кабеса де Вака
801 0 _aRU
_bNLR
_gpsbo
801 1 _aRU
_bELAR
_2rusmarc
852 _aNLR
_j75-3/6052
942 _cBOOK
980 _aNB